| 000 | 00491cam a2200181ua 4500 | ||
|---|---|---|---|
| 003 | OSt | ||
| 008 | 241101b |||||||| |||| 00| 0 eng d | ||
| 020 | _a8176291986 | ||
| 082 |
_a621.47 _bMAH/EN |
||
| 100 |
_aMahajan, V S . _96386 |
||
| 245 | _aEnergy and energy resource management / | ||
| 260 |
_aNewdelhi : _bDeep and deep publications , _c1999. |
||
| 300 | _a244. | ||
| 500 | _a** Reference | ||
| 700 | 1 |
_aAgnihothri, . _96387 |
|
| 700 | 1 |
_aAthparia, R P . _96388 |
|
| 942 | _cBK | ||
| 999 |
_c10104 _d10104 |
||